LEADER 01367nam--2200397---450- 001 990003545660203316 005 20120419155049.0 010 $a978-88-7870-557-9 035 $a000354566 035 $aUSA01000354566 035 $a(ALEPH)000354566USA01 035 $a000354566 100 $a20110630d2011----km-y0itay50------ba 101 0 $aita 102 $aIT 105 $a||||||||001yy 200 1 $aA colloquio con Luciano di Samosata$eLeon Battista Alberti, Giovanni Pontano ed Erasmo da Rotterdam$fLoranzo Geri 210 $aRoma$cBulzoni$d2011 215 $a279 p.$d24 cm 225 2 $aStudi (e testi) italiani$v23 410 0$12001$aStudi (e testi) italiani$v23 600 1$aAlberti, Leon Battista [e] Pontano, Giovanni [e] Erasmo : da Rotterdam$xOpere$xInflussi di Luciano di Samosata$2BNCF 676 $a879 700 1$aGERI,$bLorenzo$0610216 801 0$aIT$bsalbc$gISBD 912 $a990003545660203316 951 $aVIII.3. 1040$b231645 L.M.$cVIII.3.$d00297468 951 $aVIII.3. 1040 a$b232099 L.M.$cVIII.3.$d00309799 959 $aBK 969 $aUMA 979 $aPASSARO$b90$c20110630$lUSA01$h1231 979 $aPASSARO$b90$c20110630$lUSA01$h1236 979 $aPASSARO$b90$c20110630$lUSA01$h1250 979 $aMARTUCCIEL$b90$c20120419$lUSA01$h1550 996 $aA colloquio con Luciano di Samosata$91116638 997 $aUNISA LEADER 01259cam a2200349 i 4500 001 991004024349707536 008 030226s1994 de b 000 0 eng d 020 $a3540578846 035 $ab1190009x-39ule_inst 040 $aDip.to Matematica$beng 082 0 $a515.785$220 084 $aAMS 42C40 084 $aAMS 35J55 084 $aAMS 42B30 084 $aAMS 42B25 084 $aLC QA3.L28 100 1 $aMitrea, Marius$0441111 245 10$aClifford wavelets, singular integrals, and Hardy spaces /$cMarius Mitrea 260 $aBerlin ; Heidelberg ; New York :$bSpringer-Verlag,$cc1994 300 $axi, 116 p. ;$c24 cm 490 1 $aLecture notes in mathematics,$xISSN 0075-8434 ;$v1575. 504 $aIncludes bibliographical references (p. 106-112) and indexes 650 0$aClifford algebras 650 0$aFourier analysis 650 0$aSingular integrals 650 0$aHardy spaces 907 $a.b1190009x$b21-09-06$c26-02-03 912 $a991004024349707536 945 $aLE013 42C MIT11 (1994)$g1$i2013000136813$lle013$op$pE11.30$q-$rl$s- $t0$u0$v0$w0$x0$y.i12163004$z26-02-03 996 $aClifford wavelets, singular integrals, and Hardy spaces$978732 997 $aUNISALENTO 998 $ale013$b26-02-03$cm$da $e-$feng$gde $h0$i1